00521nam a22001097a 4500040000800000082002700008100001700035245022000052260002600272300002600298856008700324 cRUA aAVM YIN 2009 B087 Or.1 aYIN, SARATH. aStudy on porcine trichinellosis at the slauterhouses in kompot province, ការសិក្សាជំងឺទ្រីគីនលើជ្រូកនៅទីសត្ដឃាដ ខេត្តកំពត aPhnom PenhbRUAc2009 aix; 35p.bill.c29cm. uhttps://drive.google.com/file/d/1oYgr4dLeYTw37JQFJlSO4hwWFUkQziTU/view?usp=sharing